[Event "Schwaebisch Gmund op"]
[Site "Schwaebisch Gmund"]
[Date "1996.??.??"]
[Round "7"]
[White "Pribyl, Josef"]
[Black "Kummerow, Heiko"]
[Result "1-0"]
[WhiteElo "2405"]
[BlackElo "2255"]

1.c4 g6 2.Nf3 Bg7 3.g3 Nf6 4.Bg2 O-O 5.O-O d6 6.Nc3 e5 7.d3 Re8 8.Ne1 c6
9.e4 Bg4 10.f3 Be6 11.f4 Qc8 12.f5 gxf5 13.Bg5 f4 14.gxf4 exf4 15.Bxf4 Ng4
16.Qd2 Qd8 17.Nf3 Ne5 18.Bh6 Nbd7 19.Kh1 Ng6 20.Ne2 Nde5 21.Bxg7 Kxg7 22.Ng3 Bg4
23.Nd4 Kh8 24.Ndf5 Nh4 25.Nxh4 Qxh4 26.d4 Nxc4 27.Qf4 Re6 28.Nf5 Qh5 29.b3 Nb6
30.Nxd6 f5 31.exf5 Re2 32.Rae1 Rxg2 33.Kxg2 Bh3+ 34.Kf2 Bxf1 35.Qe5+ Kg8
36.Qe6+ Kh8 37.Qf6+ Kg8 38.Re7 Qxh2+ 39.Kxf1 Qh1+ 40.Ke2 Qg2+ 41.Kd1 Qf3+
42.Kc2 Qc3+ 43.Kxc3 Nd5+ 44.Kd3 Nxf6 45.Rxb7 h5 46.Ne4 Nd5 47.f6 h4 48.Rg7+ Kh8
49.Rg4 h3 50.Kd2 Rf8 51.Rh4+ Kg8 52.Rxh3 Nxf6 53.Rg3+  1-0

[Event "Seefeld op"]
[Site "Seefeld"]
[Date "1996.??.??"]
[Round "?"]
[White "Kuporosov, Viktor"]
[Black "Timoshenko, Georgy"]
[Result "1/2-1/2"]
[WhiteElo "2510"]
[BlackElo "2510"]

1.Nf3 Nf6 2.c4 g6 3.g3 Bg7 4.Bg2 O-O 5.O-O d6 6.Nc3 Nc6 7.d3 e5 8.Rb1 a5
9.a3 h6 10.b4 axb4 11.axb4 Be6 12.b5 Ne7 13.Qc2 Nd7 14.Bb2 f5 15.Ra1 Rb8
16.Nd2 f4 17.Nd5 Nc5 18.Ne4 b6 19.Ra7 Nxd5 20.cxd5 Bd7 21.Qc4 g5 22.Rb1 Ra8
23.Rxa8 Qxa8 24.Bc3 Qb7 25.d4 exd4  1/2-1/2

[Event "SLO-chT sf"]
[Site "SLO"]
[Date "1996.??.??"]
[Round "6"]
[White "Kreze, Tatjana"]
[Black "Grobelsek, Ana"]
[Result "1-0"]
[WhiteElo "2035"]
[BlackElo "1720"]

1.c4 Nf6 2.Nf3 g6 3.g3 Bg7 4.Bg2 O-O 5.O-O d6 6.d3 c5 7.Nc3 Nc6 8.a3 Re8
9.Rb1 Nd7 10.Bd2 a5 11.Ne1 Nde5 12.Nc2 Qc7 13.b4 axb4 14.axb4 Rb8 15.bxc5 dxc5
16.Nd5 Qd6 17.Rb5 Rd8 18.Qb1 e6 19.Nb6 Bd7 20.Nxd7 Rxd7 21.Be3 Nd4 22.Bxd4 cxd4
23.Bxb7 Qc7 24.Bg2 Rxb5 25.Qxb5 Rd8 26.Rb1 Qa7 27.Qb6 Qd7 28.Qa6 Qe7 29.Rb7 Qf6
30.h3 Nd7 31.Qa7 Nf8 32.Nb4 h6 33.Nc6 Re8 34.Rb8 Rxb8 35.Nxb8 Qe5 36.Bf3 Nh7
37.Nd7 Qg5 38.Qb8+ Nf8 39.c5 Qe7 40.c6 Kh7 41.Nxf8+ Bxf8 42.c7 Qa3 43.c8=Q Qa1+
44.Kg2  1-0

[Event "SLO-chT sf"]
[Site "SLO"]
[Date "1996.??.??"]
[Round "6"]
[White "Kodric, Martin"]
[Black "Rodman, Franc"]
[Result "1-0"]
[WhiteElo "2210"]
[BlackElo "2150"]

1.Nf3 Nf6 2.c4 g6 3.g3 Bg7 4.Bg2 O-O 5.O-O c5 6.Nc3 d6 7.d4 Nc6 8.d5 Na5
9.Nd2 a6 10.Qc2 Rb8 11.b3 b5 12.cxb5 axb5 13.Bb2 Ba6 14.Rfe1 b4 15.Nd1 e5
16.e4 Ne8 17.Ne3 Nc7 18.Ndc4 Nb5 19.Nxa5 Qxa5 20.Nc4 Qc7 21.f4 f6 22.Rf1 Nd4
23.Qd3 Rbe8 24.Rae1 Re7 25.Bh3 Rfe8 26.fxe5 Rxe5 27.Bxd4 cxd4 28.Be6+ R5xe6
29.dxe6 Rxe6 30.Qxd4 Qe7 31.Qd2 Bb7 32.Qxb4 Rxe4 33.Nxd6 Rxb4 34.Rxe7 Ba6
35.Re8+  1-0

[Event "RUS-Cup1 Chigorin mem"]
[Site "St Petersburg"]
[Date "1996.??.??"]
[Round "8"]
[White "Loginov, Valery A"]
[Black "Loskutov, Oleg"]
[Result "1-0"]
[WhiteElo "2525"]
[BlackElo "2395"]

1.Nf3 Nf6 2.g3 g6 3.Bg2 Bg7 4.c4 O-O 5.O-O d6 6.d4 c5 7.dxc5 dxc5 8.Ne5 Nfd7
9.Nd3 Nb6 10.Na3 Nc6 11.Nxc5 Qxd1 12.Rxd1 Na5 13.Rb1 Naxc4 14.Nxc4 Nxc4 15.b3 Na5
16.Bb2 Bf5 17.Bxg7 Kxg7 18.Rbc1 Rac8 19.Nxb7 Nxb7 20.Bxb7 Rxc1 21.Rxc1 Rd8
22.Rc7 Rd2 23.Rxe7 Be6 24.Kf1 Rxa2 25.b4 Rb2 26.Bf3 a6 27.Rb7 Bc4 28.h4 Kf6
29.g4 Ke5 30.Kg2 Kd4 31.Rb6 Kc3 32.Rc6 Kxb4 33.h5 a5 34.Rb6+ Kc3 35.Rc6 Rd2
36.Be4 a4 37.Bd3 Rxd3 38.exd3 Kxd3 39.Rc7 a3 40.Ra7 a2 41.g5 gxh5 42.Kg3 Kc2
43.Kh4 Kb2 44.Kxh5 a1=Q 45.Rxa1 Kxa1 46.Kh6 Bd3 47.Kg7 Bg6 48.f4 Kb2 49.Kf6 Kc3
50.f5 Kd4 51.fxg6 fxg6 52.Kg7  1-0

[Event "Jacques Lemans op16"]
[Site "St Veit"]
[Date "1996.??.??"]
[Round "4"]
[White "Juergens, Klaus"]
[Black "Burschowsky, Matthias"]
[Result "1-0"]
[WhiteElo "2185"]
[BlackElo "1906"]

1.Nf3 Nf6 2.c4 g6 3.g3 Bg7 4.Bg2 O-O 5.d4 c5 6.O-O d6 7.Nc3 Nbd7 8.d5 a6
9.a4 Rb8 10.Nd2 Ne8 11.Qc2 Nc7 12.a5 b5 13.axb6 Nxb6 14.b3 e6 15.e4 exd5
16.exd5 Bf5 17.Nde4 Re8 18.Bd2 Nd7 19.Rae1 Ne5 20.h3 h5 21.f4 Nd7 22.Re2 Nf6
23.Rfe1 Nxe4 24.Nxe4 Bxe4 25.Bxe4 Qf6 26.Ba5 Rbc8 27.h4 Kh8 28.f5 g5 29.hxg5 Qxg5
30.Kg2 Be5 31.Qd3 Rg8 32.Re3 h4 33.Rh1 Bxg3 34.Kf1 Qf4+ 35.Ke2 Qf2+ 36.Kd1 f6
37.Be1 Qf4 38.Bxg3 Qg4+ 39.Qe2 Qxe2+ 40.Kxe2  1-0

[Event "Jacques Lemans op16"]
[Site "St Veit"]
[Date "1996.??.??"]
[Round "5"]
[White "Juergens, Klaus"]
[Black "Markun, Bostjan"]
[Result "1/2-1/2"]
[WhiteElo "2185"]
[BlackElo "2265"]

1.Nf3 Nf6 2.c4 g6 3.g3 Bg7 4.Bg2 O-O 5.d4 d6 6.O-O Nbd7 7.Nc3 e5 8.e4 exd4
9.Nxd4 Re8 10.h3 Nc5 11.Re1 a5 12.Qc2 a4 13.Rb1 c6 14.Bf4 Nfd7 15.Red1 Ne5
16.b3 axb3 17.axb3 Qb6 18.Be3 Qb4 19.Nce2 Ned7 20.Bf4 Ne5 21.Bd2 Qb6 22.Bc3 Ra3
23.Kh2 h5 24.f4 Ned7 25.b4 Nxe4 26.Bxe4 Rxc3 27.Nxc3 Bxd4 28.Re1 h4 29.g4 Bxc3
30.Qxc3 Qf2+ 31.Bg2 Qxf4+ 32.Kh1 Ne5 33.Re4 Qf6 34.Rbe1 Re6 35.c5 Nxg4 36.Qxf6 Nxf6
37.Rxe6 Bxe6 38.cxd6 Kf8 39.b5 Nd5 40.bxc6 bxc6 41.Rc1 Ke8 42.Rxc6 Kd7 43.Ra6 Nb4
44.Ra4  1/2-1/2

[Event "Jacques Lemans op16"]
[Site "St Veit"]
[Date "1996.??.??"]
[Round "7"]
[White "Juergens, Klaus"]
[Black "Nickl, Klaus"]
[Result "0-1"]
[WhiteElo "2185"]
[BlackElo "2145"]

1.Nf3 Nf6 2.c4 g6 3.g3 Bg7 4.Bg2 O-O 5.d4 d6 6.Nc3 Nc6 7.d5 Na5 8.Nd2 c5
9.O-O a6 10.Qc2 Rb8 11.b3 b5 12.Bb2 bxc4 13.bxc4 Bh6 14.f4 e5 15.Rae1 exf4
16.gxf4 Nh5 17.e3 Bg7 18.Nd1 Bf5 19.e4 Rxb2 20.Nxb2 Bd4+ 21.Kh1 Qh4 22.Qd3 Re8
23.Nd1 Bg4 24.e5 Nxf4 25.Rxf4 Qxe1+ 26.Rf1 Qxe5 27.Ne4 f5 28.Ng3 Be2 29.Nxe2 Qxe2  0-1

[Event "SUI-chT"]
[Site "SUI"]
[Date "1996.??.??"]
[Round "1"]
[White "Brunner, Lucas"]
[Black "Barbero, Gerardo F"]
[Result "1-0"]
[WhiteElo "2500"]
[BlackElo "2445"]

1.Nf3 Nf6 2.c4 g6 3.g3 Bg7 4.Bg2 O-O 5.O-O d6 6.d4 Nbd7 7.Nc3 e5 8.e4 a6
9.Qc2 c6 10.Rd1 Re8 11.d5 cxd5 12.cxd5 b5 13.Bg5 h6 14.Bd2 Nb6 15.Ne1 Bd7
16.Nd3 Rc8 17.Rdc1 Nc4 18.Be1 a5 19.a3 Qb6 20.Qd1 a4 21.b3 axb3 22.Qxb3 Na5
23.Qb1 Rc4 24.a4 b4 25.Nb5 Bxb5 26.axb5 Qxb5 27.Rxc4 Nxc4 28.Nxb4 Nb6 29.Bf1 Qd7
30.Nc6 Nc8 31.Ra8 Kh7 32.Kg2 h5 33.h4 Ng4 34.Ba6 f5 35.Qb7  1-0

[Event "SUI-chT"]
[Site "SUI"]
[Date "1996.??.??"]
[Round "1"]
[White "Milosevic, Goran"]
[Black "Fioramonti, Hung"]
[Result "1-0"]
[WhiteElo "2380"]
[BlackElo "2350"]

1.Nf3 Nf6 2.c4 g6 3.g3 Bg7 4.Bg2 O-O 5.O-O d6 6.Nc3 c6 7.Rb1 a5 8.a3 Re8
9.d3 e5 10.b4 axb4 11.axb4 h6 12.Nd2 Be6 13.b5 d5 14.bxc6 bxc6 15.cxd5 cxd5
16.Nb5 Bf8 17.Bb2 Nc6 18.Nc4 Bd7 19.Nd2 Nb4 20.Nc3 d4 21.Nce4 Nfd5 22.Nc4 Ra2
23.Ba3 Bg4 24.Re1 Nc2 25.Qd2 Ncb4 26.Rb2 Rxb2 27.Qxb2 Kg7 28.h3 Bf5 29.Rc1 Re6
30.g4 Bxe4 31.dxe4 Nc3 32.Bxb4 Bxb4 33.Ra1 Be7 34.Ra7 Bc5 35.Rb7 Qc8 36.Qb3 Bf8
37.Bf3 Qc6 38.Nxe5 Qxb7 39.Qxb7 Rxe5 40.Kf1 Rb5 41.Qd7 Rb4 42.e5 Kg8 43.e6 fxe6
44.Qxe6+ Kh7 45.h4 Bg7 46.Bc6 d3 47.exd3 Rf4 48.Be4 Nxe4 49.dxe4 g5 50.h5 Rf6
51.Qd7 Kg8 52.Qd5+ Rf7 53.e5 Bf8 54.Qe6 Bg7 55.Qg6 Kf8 56.Qd6+ Re7 57.e6 Bf6
58.Kg2 Kg7 59.Qd3 Rxe6 60.Qg6+ Kf8 61.Qxh6+ Ke7 62.Qh7+ Kd6 63.h6 Re8 64.Qf7  1-0

[Event "SVK-chT9596"]
[Site "?"]
[Date "1996.??.??"]
[Round "2"]
[White "Pejko, Otomar"]
[Black "Fabian, Jaroslav"]
[Result "0-1"]
[WhiteElo "2245"]
[BlackElo "2290"]

1.Nf3 Nf6 2.c4 g6 3.g3 Bg7 4.Bg2 O-O 5.O-O d5 6.Qc2 Nc6 7.cxd5 Nxd5 8.a3 e5
9.d3 h6 10.Nbd2 Nd4 11.Nxd4 exd4 12.Nf3 Re8 13.Re1 Be6 14.e4 dxe3 15.fxe3 c6
16.e4 Nb6 17.Bd2 Qd7 18.Bc3 Rad8 19.Rad1 Bh3 20.Bxg7 Bxg2 21.Kxg2 Kxg7 22.Qc3+ Kh7
23.Rf1 Qe7 24.Nh4 Kg8 25.Rf2 Qe5 26.Qb3 Qe6 27.Qc3 Nc4 28.Re2 Ne5 29.h3 c5
30.b3 Rd7 31.Re3 Red8 32.Nf3 Rd4 33.Nxe5 Qxe5 34.Rc1 b6 35.Rf3 Qd6 36.Rcf1 Rxd3
37.Qc4 Rxf3 38.Rxf3 Rd7 39.Rf2 Qd4 40.Qe2 Qd3 41.Qg4 h5 42.Qf3 Qxf3+ 43.Rxf3 Rd2+
44.Kf1 Kf8 45.Ke1 Ra2 46.a4 Ke7 47.e5 c4 48.bxc4 Rxa4 49.Rc3 Ra5 50.Kd2 Rxe5
51.Rd3 Ra5 52.Kc2 g5 53.Re3+ Kd6 54.Kb3 f5 55.Re8 f4 56.gxf4 gxf4 57.Rf8 Ke5
58.Re8+ Kf5 59.Re7 f3 60.Kc3 Kf4 61.Kd2 f2 62.Ke2 Re5+  0-1

[Event "CRO-chT2"]
[Site "Tucepi"]
[Date "1996.??.??"]
[Round "?"]
[White "Ivekovic, Mario"]
[Black "Bilobrk, Franjo"]
[Result "1-0"]
[WhiteElo "2290"]
[BlackElo "2355"]

1.Nf3 Nf6 2.g3 g6 3.Bg2 Bg7 4.c4 O-O 5.O-O d6 6.Nc3 e5 7.e4 Be6 8.d3 Qc8
9.Ng5 Bg4 10.f3 Bd7 11.f4 Nc6 12.Ne2 Rb8 13.Bd2 b5 14.cxb5 Rxb5 15.Bc3 Ng4
16.Qd2 Nd4 17.h3 Nh6 18.Kh2 Qb8 19.Rf2 c5 20.Raf1 f6 21.Nf3 Be6 22.b3 Kh8
23.Nh4 f5 24.Nxd4 exd4 25.Bb2 a5 26.Qe2 Qc8 27.Bc1 a4 28.bxa4 Ra5 29.exf5 gxf5
30.Re1 Bf7 31.Nf3 Rxa4 32.a3 Ra7 33.Ng5 Bg8 34.Qh5 c4 35.dxc4 Qxc4 36.Bb2 Qb3
37.Rd2 Ra4 38.Re7 Bf7 39.Nxf7+ Nxf7 40.Qxf5 Ne5 41.Qh5 Ng6 42.Rxg7 Kxg7 43.Rxd4 Qxb2
44.Rxa4 Rf7 45.Qd5 Ne7 46.Qxd6 Nf5 47.Qb4 Qf2 48.Qc3+ Rf6 49.Qf3 Qc5 50.Re4 h5
51.Re5 Qc2 52.Qxh5 Nd4 53.Re7+ Kg8 54.Re8+ Kg7 55.Qh8+ Kg6 56.Qg8+ Kh6 57.Qg5+ Kh7
58.Re7+  1-0

[Event "CRO-chT"]
[Site "Tucepi"]
[Date "1996.??.??"]
[Round "?"]
[White "Dizdar, Goran"]
[Black "Jurkovic, Ante"]
[Result "1-0"]
[WhiteElo "2525"]
[BlackElo "2335"]

1.Nf3 Nf6 2.c4 g6 3.g3 Bg7 4.Bg2 O-O 5.O-O d6 6.d4 c6 7.Nc3 Qa5 8.e4 e5 9.h3 exd4
10.Nxd4 Nbd7 11.Re1 Ne5 12.Bf1 Re8 13.Rb1 Be6 14.b4 Qb6 15.Be3 Nxc4 16.Bxc4 Bxc4
17.Ne6 Qa6 18.Nxg7 Kxg7 19.Qxd6 Rad8 20.Bh6+ Kxh6 21.Qxf6 Qb6 22.g4 Qd4 23.g5+ Kh5
24.Qf4 Qd7 25.e5 Qxh3 26.Ne4 Qg4+ 27.Ng3+ Kh4 28.Qxg4+ Kxg4 29.Re4+ Kh3 30.Rxc4 Rxe5
31.Nf5  1-0

[Event "CRO-chT"]
[Site "Tucepi"]
[Date "1996.??.??"]
[Round "?"]
[White "Jukic, Mirko"]
[Black "Muse, Mladen"]
[Result "1/2-1/2"]
[WhiteElo "2470"]
[BlackElo "2420"]

1.Nf3 Nf6 2.c4 g6 3.g3 Bg7 4.Bg2 O-O 5.O-O d6 6.d4 Nbd7 7.Nc3 e5 8.e4 exd4
9.Nxd4 Re8 10.h3 a6 11.Re1 Rb8 12.Rb1  1/2-1/2

[Event "CRO-chT2"]
[Site "Tucepi"]
[Date "1996.??.??"]
[Round "?"]
[White "Vukelic, Tomislav"]
[Black "Fercec, Nenad"]
[Result "1/2-1/2"]
[WhiteElo "2310"]
[BlackElo "2405"]

1.Nf3 Nf6 2.c4 g6 3.g3 Bg7 4.Bg2 O-O 5.O-O d6 6.Nc3 e5 7.d4 Nbd7 8.e4 c6
9.h3 Re8 10.d5 cxd5 11.cxd5 Nc5 12.Ne1 a5 13.Nd3 Nxd3 14.Qxd3 a4 15.Be3 Qa5
16.Rfc1 Bd7 17.Rab1 Rec8 18.b4 axb3 19.Rxb3 b5 20.a3 Rab8 21.Rcb1 Ne8 22.Nxb5 Rb7
23.Rb4 Rcb8 24.Bf1 f5 25.f3 f4 26.gxf4 Bh6 27.a4 exf4 28.Bd4 Qd8 29.Qd2 Qh4
30.Qf2 Qh5 31.a5 Nc7 32.Bb6 Nxb5 33.Bxb5 Bxh3 34.Bf1 Ra8 35.Bxh3 Qxh3 36.Qh2 Qxf3
37.Qxh6 Rxb6 38.Rxb6 Qg3+ 39.Kf1 Qf3+ 40.Kg1 Qg3+  1/2-1/2

[Event "Tuebingen-ch55"]
[Site "Tuebingen"]
[Date "1996.??.??"]
[Round "?"]
[White "Hanspach, Alexander"]
[Black "Dieringer, Juergen"]
[Result "0-1"]
[WhiteElo "1605"]
[BlackElo "1960"]

1.c4 Nf6 2.g3 g6 3.Bg2 Bg7 4.Nf3 O-O 5.d3 d6 6.Bd2 Nc6 7.Nc3 Bg4 8.h3 Bd7
9.O-O e5 10.Rb1 a5 11.a3 Qc8 12.Kh2 Re8 13.Ng5 h6 14.Nge4 Nh5 15.g4 Nf4 16.Bxf4 exf4
17.Nd5 Qd8 18.Bf3 Nd4 19.e3 Ne6 20.Kg2 f5 21.Nec3 fxg4 22.hxg4 fxe3 23.Nxe3 Nf4+
24.Kg1 Qh4 25.Ncd5 Be5 26.Nxf4 Bxf4 27.Bd5+ Kg7 28.Kg2 Qh2+ 29.Kf3 Rxe3+
30.fxe3 Qg3+  0-1

[Event "Ubeda op"]
[Site "Ubeda"]
[Date "1996.??.??"]
[Round "?"]
[White "Marin, Mihail"]
[Black "Rashkovsky, Nukhim N"]
[Result "1/2-1/2"]
[WhiteElo "2545"]
[BlackElo "2505"]

1.Nf3 Nf6 2.c4 g6 3.g3 Bg7 4.Bg2 O-O 5.O-O d6 6.Nc3 Nc6 7.d4 a6 8.d5 Na5
9.Nd2 c5 10.Qc2 e5 11.b3 Ne8 12.Bb2 f5 13.f4 b6 14.e4 Ra7 15.exf5 gxf5 16.Rae1 Re7
17.Nd1 e4 18.Bxg7 Rxg7 19.Qc3 Nb7 20.Ne3 h5 21.Rf2 Bd7  1/2-1/2

[Event "Velden op"]
[Site "Velden"]
[Date "1996.??.??"]
[Round "3"]
[White "Bawart, Markus"]
[Black "Golubovic, Boris"]
[Result "0-1"]
[WhiteElo "2255"]
[BlackElo "2420"]

1.c4 Nf6 2.Nf3 g6 3.g3 Bg7 4.Bg2 O-O 5.O-O c6 6.d4 d6 7.Nc3 Nbd7 8.e4 e5
9.b3 Re8 10.Bb2 h6 11.Qc2 Nh7 12.Rad1 Ng5 13.d5 Nxf3+ 14.Bxf3 c5 15.Rfe1 a6
16.Bg2 b5 17.cxb5 axb5 18.Nxb5 Qb6 19.a4 Ba6 20.Qc4 Bxb5 21.axb5 Ra5 22.Bh3 Nf8
23.b4 cxb4 24.Qc6 Rb8 25.Ra1 Rxb5 26.Ra6 Qxc6 27.Rxc6 R5b6 28.Rb1 Bf6 29.Ba3 R6b7
30.Bc8 bxa3 31.Rxb7 a2 32.Ra6 Rxc8 33.Rxa2 Nh7 34.h4 g5 35.Raa7 Rf8 36.Rd7 gxh4
37.gxh4 Bxh4 38.Rxd6 Ng5 39.Rxh6 Kg7 40.Rc6 Nxe4 41.Ra4 Bxf2+  0-1

[Event "Vendrell op"]
[Site "Vendrell"]
[Date "1996.??.??"]
[Round "4"]
[White "Antunes, Antonio"]
[Black "Foisor, Cristina Adela B"]
[Result "0-1"]
[WhiteElo "2545"]
[BlackElo "2370"]

1.Nf3 Nf6 2.c4 g6 3.g3 Bg7 4.Bg2 O-O 5.d4 d6 6.O-O c6 7.Nc3 Bf5 8.b3 Ne4
9.Bb2 Nxc3 10.Bxc3 Be4 11.e3 Nd7 12.Qe2 Nf6 13.Rfd1 e6 14.Bf1 Bxf3 15.Qxf3 d5
16.Qe2 Ne4 17.Be1 f5 18.Rac1 Qd7 19.Rc2 g5 20.Rb1 g4 21.b4 Nd6 22.cxd5 cxd5
23.b5 Rfc8 24.a4 Rxc2 25.Qxc2 Rc8 26.Qb2 Bf8 27.Rc1 Kf7 28.Rc2 Ne4 29.Be2 Bd6
30.Kg2 h5 31.Rxc8 Qxc8 32.Bd3 h4 33.Qc2 Qh8 34.Bxe4 fxe4 35.Kg1 h3 36.Kf1 Kg6
37.Qd1 Kh5 38.Qc2 Qf8 39.Qc3 Kg6 40.Qc2 Kf6 41.Qe2 Qg8 42.Ba5 Ke7 43.Ke1 Kd7
44.Kd1 Qg6 45.Bc3 Qf5 46.Kc2 Ke7 47.Kd1 Kf6 48.Kc2 Kg5 49.Kd1 Qf8 50.Be1 Bc7
51.Bc3 Bb8 52.Be1 Bc7 53.Bc3 Bd8 54.Be1 Qa3 55.Qc2 Qd3+ 56.Kc1 Be7 57.Bd2 Qf1+
58.Kb2 Qxf2 59.Kb3 Kf6 60.b6 axb6 61.Qc1 Qe2 62.Qc8 Qd1+ 63.Kc3 Qa1+ 64.Kb3 Qb1+  0-1

[Event "Vienna op"]
[Site "Vienna"]
[Date "1996.??.??"]
[Round "2"]
[White "Danailov, Silvio"]
[Black "Glek, Igor V"]
[Result "1-0"]
[WhiteElo "2455"]
[BlackElo "2670"]

1.Nf3 Nf6 2.c4 g6 3.g3 Bg7 4.Bg2 O-O 5.O-O c6 6.d4 d6 7.Nc3 Qa5 8.e4 Bg4
9.h3 Bxf3 10.Bxf3 e5 11.Be3 Nbd7 12.Rb1 Rfc8 13.b4 Qd8 14.Qb3 Qf8 15.Bg2 Bh6
16.f4 Re8 17.Rbe1 Qg7 18.fxe5 dxe5 19.d5 cxd5 20.exd5 Nh5 21.Nb5 Rf8 22.c5 a5
23.c6 bxc6 24.dxc6 Ndf6 25.c7 e4 26.g4 Bxe3+ 27.Rxe3 a4 28.Qa3 Nd5 29.Rxe4 f5
30.Rc4 Nhf6 31.Rc5 Nb6 32.Bxa8 Rxa8 33.Qc3 Qf8 34.Rc6 Ne4 35.Qd4 Ng5 36.Rxb6  1-0

[Event "Siembra Villa Ballester op"]
[Site "Villa Ballester"]
[Date "1996.??.??"]
[Round "4"]
[White "Szmetan, Jorge"]
[Black "Tempone, Marcelo"]
[Result "0-1"]
[WhiteElo "2405"]
[BlackElo "2460"]

1.Nf3 Nf6 2.c4 g6 3.g3 Bg7 4.Bg2 O-O 5.O-O d6 6.d4 c6 7.Nc3 Qa5 8.h3 Qa6
9.b3 b5 10.Nd2 bxc4 11.Nxc4 Be6 12.Qd3 Nd5 13.Bb2 Nb6 14.d5 Nxc4 15.bxc4 Bf5
16.e4 Bd7 17.Rab1 Qa5 18.Ne2 Na6 19.Bxg7 Kxg7 20.Qd4+ f6 21.Rb2 Nc5 22.f4 Rab8
23.Rxb8 Rxb8 24.e5 cxd5 25.Qxd5 Rb2 26.exf6+ exf6 27.Bf3 Rd2 28.Qa8 Qb6 29.Kh1 Rxe2  0-1

[Event "Siembra Villa Ballester op"]
[Site "Villa Ballester"]
[Date "1996.??.??"]
[Round "7"]
[White "Scarella, Enrique"]
[Black "Panno, Oscar"]
[Result "1-0"]
[WhiteElo "2330"]
[BlackElo "2485"]

1.Nf3 Nf6 2.c4 g6 3.g3 Bg7 4.Bg2 O-O 5.Nc3 d6 6.d4 c6 7.e4 a6 8.O-O Bg4 9.h3 Bxf3
10.Bxf3 Nfd7 11.Be3 c5 12.Bg2 Nc6 13.Ne2 Rc8 14.Rc1 Qa5 15.a3 cxd4 16.Nxd4 Nde5
17.Nxc6 Rxc6 18.Bd4 Rfc8 19.b3 Qxa3 20.Ra1 Qb4 21.Ra4 Qxa4 22.bxa4 Rxc4 23.Ba1 Rb4
24.f4 Nc4 25.Bxg7 Kxg7 26.Qa1+ f6 27.Rb1 Rxb1+ 28.Qxb1 Rc7 29.Bf1 b5 30.axb5 axb5
31.Qxb5 Nd2 32.Bd3  1-0

[Event "Villalba op"]
[Site "Villalba"]
[Date "1996.??.??"]
[Round "4"]
[White "Roa Alonso, Santiago"]
[Black "Enjuto Velasco, Roberto"]
[Result "1/2-1/2"]
[WhiteElo "2355"]
[BlackElo "2080"]

1.Nf3 Nf6 2.c4 g6 3.g3 Bg7 4.Bg2 O-O 5.O-O d6 6.d4 Nbd7 7.Nc3 c6 8.e4 e5
9.h3 Re8 10.Be3 exd4 11.Nxd4 Nc5 12.Qc2 Qe7 13.Rfe1 Nfxe4 14.Nxe4 Nxe4 15.Bxe4 c5
16.Nb5 Qxe4 17.Bd2 Qc6 18.Rxe8+ Qxe8 19.Nc7 Bf5 20.Nxe8 Bxc2  1/2-1/2

[Event "JUG-chT"]
[Site "Vrnjacka Banja"]
[Date "1996.??.??"]
[Round "?"]
[White "Simonovic, Aleksandar"]
[Black "Gajic, Djordje"]
[Result "0-1"]
[WhiteElo "2355"]
[BlackElo "2335"]

1.c4 Nf6 2.Nf3 g6 3.g3 Bg7 4.Bg2 O-O 5.O-O c6 6.d3 d5 7.Nbd2 Re8 8.Qc2 e5
9.e4 dxe4 10.Nxe4 Nxe4 11.dxe4 c5 12.Be3 Qe7 13.Ne1 Nc6 14.Nd3 b6 15.b4 cxb4
16.c5 b5 17.Rfb1 a5 18.a3 Be6 19.axb4 a4 20.Nc1 Red8 21.Bf1 Rab8 22.Ra3 Bf6
23.Ne2 Bb3 24.Raxb3 axb3 25.Rxb3 Bg5 26.Nc3 Bxe3 27.fxe3 Nxb4 28.Rxb4 Qxc5
29.Rb3 b4 30.Qb1 Qxe3+ 31.Kh1 Rd2 32.Nd1 Qd4 33.Ne3 Ra8 34.Qc1 Ra1 35.Qc8+ Kg7
36.Qg4 Qxe3  0-1

[Event "Wangs Pizol op"]
[Site "Wangs Pizol"]
[Date "1996.??.??"]
[Round "6"]
[White "Lurje, Pawel"]
[Black "Ziger, Silvestar"]
[Result "0-1"]
[WhiteElo "2235"]
[BlackElo "2265"]

1.Nf3 Nf6 2.g3 g6 3.Bg2 Bg7 4.c4 O-O 5.d4 d6 6.O-O c6 7.Nc3 a6 8.Qc2 b5 9.b3 Nfd7
10.Bb2 bxc4 11.bxc4 Nb6 12.Na4 Nxa4 13.Qxa4 Qc7 14.Nd2 Bd7 15.Qc2 a5 16.Rab1 Na6
17.a3 Qa7 18.Qd3 Rab8 19.Bc3 Nc7 20.e3 d5 21.Rxb8 Rxb8 22.Rb1 Rxb1+ 23.Qxb1 c5
24.cxd5 cxd4 25.Bxd4 Bxd4 26.exd4 Qxd4 27.Qb8+ Ne8 28.Qd8 Qxd2 29.Qxd7 Qe1+
30.Bf1 Nd6 31.Qa4 Ne4 32.Qd4 Nd2 33.Qd3 Kg7 34.Qc3+ Kg8 35.Qc8+ Kg7 36.Qc3+ f6
37.Qd3 Kf7 38.Qe2 Qxe2 39.Bxe2 Nb1 40.a4 Nc3 41.Bc4 Ke8 42.f4 Kd7 43.Kf2 Kd6
44.Ke3 Kc5 45.d6 exd6 46.Bg8 h6 47.Bh7 Nd5+ 48.Kd3 Ne7 49.g4 f5 50.g5 h5  0-1

[Event "Warsaw op (Women)"]
[Site "Warsaw"]
[Date "1996.??.??"]
[Round "1"]
[White "Foisor, Cristina Adela B"]
[Black "Blazkova, Petra"]
[Result "1/2-1/2"]
[WhiteElo "2370"]
[BlackElo "2180"]

1.c4 Nf6 2.Nf3 g6 3.g3 Bg7 4.Bg2 O-O 5.O-O d5 6.cxd5 Nxd5 7.d4 Nb6 8.Nc3 Nc6
9.d5 Na5 10.Qc2 Nxd5 11.Rd1 c6 12.e4 Nb4 13.Qa4 b5 14.Qxb4 Bxc3 15.Qxc3 Qxd1+
16.Ne1 b4 17.Qxb4 Nb7 18.Qc3 Qa4 19.Be3 Bg4 20.Nd3 Nd6 21.Nf4 Qb5 22.b3 a5
23.Nd3 Rfd8 24.Ne5 Bd7 25.Rc1 Ne8 26.Bc5 f6 27.Bf1 Qb8 28.Bc4+ Kg7 29.Nf7 Nd6
30.Bxd6 exd6 31.Nxd8 Qxd8 32.Qd4 Qe7 33.f3 Qe5 34.Rd1 Qxd4+ 35.Rxd4 a4 36.Rxd6 Be8
37.Kf2 axb3 38.Bxb3 Ra7 39.Ke3 c5 40.Rb6 g5 41.Kd3 Bf7 42.Bd5 Bxd5 43.exd5 Rxa2
44.Rb7+ Kg6 45.Re7 Rxh2 46.d6 Rh1 47.Kc4 Rd1 48.Kxc5 h5 49.Kc6 h4 50.gxh4 gxh4
51.Re8 Kf5 52.Rh8 Kf4 53.Rxh4+ Kxf3 54.d7 f5 55.Rh6 Rxd7 56.Kxd7 f4 57.Ke6 Ke2
58.Rh2+ Ke3 59.Ke5 f3 60.Rb2  1/2-1/2

[Event "Warsaw op (Women)"]
[Site "Warsaw"]
[Date "1996.??.??"]
[Round "3"]
[White "Litinskaya, Marta I"]
[Black "Bobrowska, Monika"]
[Result "1/2-1/2"]
[WhiteElo "2355"]
[BlackElo "2305"]

1.c4 Nf6 2.Nf3 g6 3.g3 Bg7 4.Bg2 O-O 5.d4 d6 6.O-O Nbd7 7.Nc3 e5 8.e4 exd4
9.Nxd4 Re8 10.h3 a6 11.Re1 Rb8 12.Be3 Ne5 13.b3 c5 14.Nde2 b5 15.cxb5 axb5
16.Nf4 b4 17.Ncd5 Nxd5 18.Nxd5 Ba6 19.Rb1 Bd3 20.Rc1 Bb5 21.Bf1  1/2-1/2

[Event "Warsaw op (Women)"]
[Site "Warsaw"]
[Date "1996.??.??"]
[Round "3"]
[White "Foisor, Cristina Adela B"]
[Black "Zielinska, Marta"]
[Result "0-1"]
[WhiteElo "2370"]
[BlackElo "2250"]

1.c4 Nf6 2.Nf3 g6 3.g3 Bg7 4.Bg2 O-O 5.O-O d6 6.Nc3 Nc6 7.d3 e5 8.Rb1 a5
9.a3 h6 10.b4 axb4 11.axb4 Be6 12.Nd2 Qd7 13.Nd5 Ne8 14.b5 Nd8 15.Re1 Bh3
16.Bh1 Ne6 17.Bb2 f5 18.Ra1 Rb8 19.Ra7 h5 20.Nb4 f4 21.Be4 Nf6 22.Nd5 Nxe4
23.Nxe4 h4 24.Qd2 Qd8 25.Rea1 Bf5 26.f3 hxg3 27.hxg3 Bxe4 28.dxe4 fxg3 29.Kg2 Rf4
30.Qe1 Rh4 31.Qxg3 Rh5 32.Kf2 Nf4 33.Ne3 Rh3 34.Qg1 Rh2+ 35.Kf1 Rxe2 36.Nd1 Rg2
37.Qxg2 Nxg2 38.Kxg2 Qg5+ 39.Kf1 Qd2 40.R7a3 Rf8 41.Rb3 g5 42.Nf2 Qc2 43.Raa3 g4
44.Nxg4 Qxe4 45.Kg2 Qxc4 46.Nf2 Rf6 47.b6 Rg6+ 48.Ng4 cxb6 49.Rxb6 e4 50.Bxg7 exf3+
51.Kf2 Qe2+  0-1

[Event "Warsaw op (Women)"]
[Site "Warsaw"]
[Date "1996.??.??"]
[Round "5"]
[White "Foisor, Cristina Adela B"]
[Black "Slavina, Irina"]
[Result "1-0"]
[WhiteElo "2370"]
[BlackElo "2135"]

1.Nf3 Nf6 2.c4 g6 3.g3 Bg7 4.Bg2 O-O 5.O-O d6 6.Nc3 Nc6 7.Rb1 Bf5 8.d3 Qd7
9.Bg5 e5 10.Bxf6 Bxf6 11.b4 Nd4 12.Nd2 Bh3 13.Bxb7 Bxf1 14.Bxa8 Bxe2 15.Nxe2 Rxa8
16.Nxd4 exd4 17.Qf3 Qd8 18.Nb3 Bg7 19.Re1 Rc8 20.Qc6 h5 21.Re4 Qf8 22.b5 f5
23.Re1 Qf7 24.a4 Rb8 25.Na5 Kh7 26.Qd5 Rf8 27.Nc6 Re8 28.Rxe8 Qxe8 29.Kf1 Qa8
30.Qf7 Qb7 31.Kg1 h4 32.gxh4  1-0

[Event "Werfen op-A"]
[Site "Werfen"]
[Date "1996.??.??"]
[Round "8"]
[White "Neckar, Lubomir"]
[Black "Kock, Hans Uwe"]
[Result "1-0"]
[WhiteElo "2350"]
[BlackElo "2235"]

1.Nf3 Nf6 2.c4 g6 3.g3 Bg7 4.Bg2 O-O 5.d4 d6 6.Nc3 c6 7.O-O Nbd7 8.e4 e5
9.h3 Qe7 10.Re1 Ne8 11.Be3 f5 12.exf5 gxf5 13.dxe5 dxe5 14.Qc2 Qf7 15.Ng5 Qg6
16.g4 Ndf6 17.Nf3 fxg4 18.Qxg6 hxg6 19.Nxe5 gxh3 20.Bf1 Ng4 21.Nxg6 h2+ 22.Kh1 Nxf2+
23.Kxh2 Ng4+ 24.Kg3 Rxf1 25.Rxf1 Nxe3 26.Ne7+ Kh7 27.Rf7 Nf5+ 28.Nxf5 Kg6
29.Rxg7+ Nxg7 30.Nh4+ Kh6 31.Kf4 Be6 32.Rh1 Nh5+ 33.Ke5 Bxc4 34.Nf5+ Kg6
35.Rg1+ Kh7 36.Nd6 Rg8 37.Rxg8 Bxg8 38.Nxb7 Kg7 39.a3 Nf6 40.Kd6 Kf8 41.Na5 Nd5
42.Nxc6 Nb6 43.Na5 Ke8 44.Nb5 a6 45.Nc7+ Kd8 46.Nxa6 Kc8 47.b4 Bh7 48.Kc6 Na4
49.Nc5 Nc3 50.Nc4 Bg6 51.Nd6+ Kb8 52.a4 Bh5 53.Nd7+ Ka8 54.a5 Bf3+ 55.Kc5 Na4+
56.Kb5 Nc3+ 57.Kc4 Nd5 58.b5  1-0

[Event "Winterthur-B"]
[Site "Winterthur"]
[Date "1996.??.??"]
[Round "4"]
[White "Maric, Alisa"]
[Black "Rasik, Vitezslav"]
[Result "0-1"]
[WhiteElo "2460"]
[BlackElo "2440"]

1.Nf3 Nf6 2.c4 g6 3.g3 Bg7 4.Bg2 O-O 5.O-O d6 6.d4 Nc6 7.h3 e5 8.Be3 Ne4
9.dxe5 dxe5 10.Qc1 Be6 11.Na3 f5 12.Ng5 Nxg5 13.Bxg5 Qd7 14.Kh2 f4 15.gxf4 exf4
16.Rd1 Qf7 17.e3 f3 18.Bf1 Be5+ 19.Bf4 Qg7 20.Rb1 Qh6 21.Bxe5 Nxe5 22.Rd4 Rf5
23.e4 Rg5 24.Nb5 Bxh3 25.Qxg5 Qxg5 26.Bxh3 Qh4  0-1